000 00755nam a2200265 i 4500
001 bg
100 1 _aMOMJIAN, Bruce
245 1 0 _aPostgreSQL /
_cBruce Momjian ; [przekł. Henryk Westwalewicz].
260 _aWrocław :
_b"Robomatic",
_c2001.
300 _aVI, 475 s. ;
_c24 cm.
490 1 _aBiblioteka Problemów ;
_v14
504 _aIndeks.
650 9 _aBaza danych
_xbudowa i organizacja
650 9 _aPostgreSQL
655 _aPodręczniki
830 _aBiblioteka Problemów ;
020 _a8387150177
040 _cBPK
041 1 _apl
_ben
080 _a004.65(07)
920 _a83-87150-17-7
942 _cKS
008 s pl f |000 0 pol
999 _c42362
_d42362
856 _uhttp://koha.tu.koszalin.pl/cgi-bin/koha/opac-detail.pl?biblionumber=42362
_yKatalog online BPK